000 00359pab a2200145 454500
008 180718b1998 xxu||||| |||| 00| 0 eng d
100 _aGupta, K.N.
245 _aPolice professionalism: emerging new challenges in changing scenario
260 _c1998
300 _ap.25-32
362 _aJan
650 _aPolice
773 _aCBI Bulletin
909 _a36524
999 _c36524
_d36524